[Event "BRA Amateur-ch U1800"]
[Site "Sao Paulo"]
[Date "2022.11.05"]
[Round "6"]
[White "Rial, Antonio Marcos Pino"]
[Black "Barberi, Catarina"]
[Result "1/2-1/2"]
[WhiteElo "1669"]
[BlackElo "1350"]
[PlyCount "81"]
[EventDate "2022.11.03"]
[EventType "swiss"]
[EventRounds "7"]
[EventCountry "BRA"]
[SourceTitle "CBM 211 Extra"]
[Source "ChessBase"]
[SourceDate "2023.01.31"]
[SourceVersion "1"]
[SourceVersionDate "2023.01.31"]
[SourceQuality "1"]

1. d4 d5 2. Nf3 Nf6 3. e3 e6 4. Bd3 Be7 5. 0-0 b6 6. b3 Bb7 7. Bb2 Nbd7 8. Ne5 c5 9. Nd2 Qc7 10. Rc1 Nxe5 11. dxe5 Nd7 12. f4 0-0-0 13. Qe2 Kb8 14. c4 dxc4 15. Nxc4 Bc6 16. Nd6 Bxd6 17. exd6 Qxd6 18. Rfd1 Qc7 19. b4 Ka8 20. Qh5 g6 21. Qe2 Rhg8 22. g3 Rdf8 23. e4 Rd8 24. b5 Bb7 25. e5 Nb8 26. Rd2 Bd5 27. Be4 Bxe4 28. Qxe4+ Qb7 29. Qxb7+ Kxb7 30. Rcd1 Kc7 31. Kf2 Rxd2+ 32. Rxd2 Rd8 33. Rxd8 Kxd8 34. Ke3 Ke7 35. g4 Nd7 36. Ke4 Nb8 37. h4 Nd7 38. Bc3 Nf8 39. Bd2 Nd7 40. Bc3 Ke8 41. Kd3 1/2-1/2

[Event "Sao Paulo op-B U2050 8th"]
[Site "Sao Paulo"]
[Date "2019.10.20"]
[Round "5"]
[White "Rial, Antonio Marcos Pino"]
[Black "Duailibe, Ricardo Miguel"]
[Result "0-1"]
[WhiteElo "1681"]
[BlackElo "1847"]
[PlyCount "46"]
[EventDate "2019.10.17"]
[EventType "swiss"]
[EventRounds "6"]
[EventCountry "BRA"]
[SourceTitle "CBM 192 Extra"]
[Source "Chessbase"]
[SourceDate "2019.11.06"]
[SourceVersion "1"]
[SourceVersionDate "2019.11.06"]
[SourceQuality "1"]

1. d4 Nf6 2. Nf3 d5 3. e3 Bf5 4. c4 c6 5. cxd5 cxd5 6. Qa4+ Nbd7 7. Ne5 a6 8. Nc3 e6 9. Bd2 Bd6 10. Nxd7 Qxd7 11. Qxd7+ Kxd7 12. Na4 Ke7 13. Be2 Nd7 14. 0-0 Rac8 15. Rfc1 b5 16. Nc3 Nb6 17. b3 Ba3 18. Rf1 Bb2 19. Rac1 Bxc1 20. Rxc1 b4 21. Na4 Rxc1+ 22. Bxc1 Nxa4 23. bxa4 Rc8 0-1

[Event "BRA-ch Amateur U1800"]
[Site "Sao Paulo"]
[Date "2019.06.23"]
[Round "7"]
[White "Neto, Valdeno Brito"]
[Black "Rial, Antonio Marcos Pino"]
[Result "1-0"]
[WhiteElo "1534"]
[BlackElo "1735"]
[PlyCount "47"]
[EventDate "2019.06.20"]
[EventType "swiss"]
[EventRounds "7"]
[EventCountry "BRA"]
[SourceTitle "CBM 195 Extra"]
[Source "ChessBase"]
[SourceDate "2020.05.31"]
[SourceVersion "1"]
[SourceVersionDate "2020.05.31"]
[SourceQuality "1"]

1. e4 Nc6 2. d4 e5 3. c3 exd4 4. cxd4 Nf6 5. Nc3 Bb4 6. Bg5 h6 7. Bxf6 Qxf6 8. Nf3 0-0 9. Bc4 Na5 10. Bd3 d6 11. 0-0 Bg4 12. Nd5 Qxd4 13. Nxd4 Bxd1 14. Raxd1 Bc5 15. Nf5 c6 16. Nf4 b5 17. a3 Bb6 18. b4 Nb7 19. Ne7+ Kh8 20. Nxc6 a6 21. Nd5 Bd8 22. Nxd8 Raxd8 23. Rc1 Rd7 24. Rc6 1-0

[Event "BRA-ch Amateur U1800"]
[Site "Sao Paulo"]
[Date "2019.06.21"]
[Round "4"]
[White "Rial, Antonio Marcos Pino"]
[Black "Brujin, Homero"]
[Result "1-0"]
[WhiteElo "1735"]
[BlackElo "1485"]
[PlyCount "73"]
[EventDate "2019.06.20"]
[EventType "swiss"]
[EventRounds "7"]
[EventCountry "BRA"]
[SourceTitle "CBM 195 Extra"]
[Source "ChessBase"]
[SourceDate "2020.05.31"]
[SourceVersion "1"]
[SourceVersionDate "2020.05.31"]
[SourceQuality "1"]

1. d4 Nf6 2. Nf3 g6 3. Nc3 Bg7 4. e4 d6 5. Be3 0-0 6. Bd3 Nbd7 7. Qd2 a6 8. h4 b5 9. h5 Ng4 10. hxg6 fxg6 11. Ng5 Ndf6 12. Bf4 Nh5 13. Rxh5 gxh5 14. f3 e5 15. dxe5 Nxe5 16. Be3 c6 17. 0-0-0 Qa5 18. Kb1 Rb8 19. Rh1 Nc4 20. Bxc4+ bxc4 21. Bd4 Bxd4 22. Qxd4 Qxg5 23. Qxc4+ Rf7 24. Ne2 Qf6 25. b3 c5 26. Rxh5 Rb4 27. Qd5 Bb7 28. Qd2 Bc6 29. Ng3 Rd4 30. Qc1 Rg7 31. Rf5 Qe6 32. Nh5 Rf7 33. Qg5+ Kf8 34. Qd8+ Qe8 35. Rxf7+ Kg8 36. Qg5+ Kxf7 37. Qf6+ 1-0

[Event "BRA-ch Amateur U1800"]
[Site "Sao Paulo"]
[Date "2019.06.20"]
[Round "2"]
[White "Rial, Antonio Marcos Pino"]
[Black "Olivo, Anibal Ribeiro"]
[Result "0-1"]
[WhiteElo "1735"]
[BlackElo "1616"]
[PlyCount "122"]
[EventDate "2019.06.20"]
[EventType "swiss"]
[EventRounds "7"]
[EventCountry "BRA"]
[SourceTitle "CBM 195 Extra"]
[Source "ChessBase"]
[SourceDate "2020.05.31"]
[SourceVersion "1"]
[SourceVersionDate "2020.05.31"]
[SourceQuality "1"]

1. d4 Nf6 2. Nf3 g6 3. Nc3 Bg7 4. Bf4 Nh5 5. Bg5 h6 6. Bh4 0-0 7. e3 d6 8. Be2 Nf6 9. 0-0 Bf5 10. Bg3 Ne4 11. Nxe4 Bxe4 12. c4 Nd7 13. a4 b6 14. Nd2 Bb7 15. b4 c5 16. bxc5 bxc5 17. Rb1 Rb8 18. Nb3 cxd4 19. exd4 e5 20. c5 dxc5 21. dxe5 Bxe5 22. Bxe5 Nxe5 23. Qxd8 Rfxd8 24. Nxc5 Bc6 25. Rxb8 Rxb8 26. Rd1 Rb2 27. Re1 Nd7 28. Nd3 Rd2 29. a5 Bb5 30. Nf4 Bxe2 31. Nxe2 Ra2 32. h3 Rxa5 33. Nd4 Ra2 34. Re8+ Kg7 35. Re7 Nc5 36. Rc7 Nd3 37. f3 a5 38. Ra7 a4 39. Nb5 Nf4 40. Kf1 Nxg2 41. Nc3 Ne3+ 42. Kg1 Ra3 43. Nxa4 Nf5 44. Ra6 Nh4 45. Nc5 Rxa6 46. Nxa6 Nxf3+ 47. Kf2 Ne5 48. Nc5 f5 49. h4 g5 50. Ne6+ Kf6 51. Nd4 f4 52. hxg5+ hxg5 53. Nc2 g4 54. Ne1 Kg5 55. Kg1 f3 56. Nc2 Kf4 57. Nd4 g3 58. Nxf3 Kxf3 59. Kf1 g2+ 60. Kg1 Nd3 61. Kh2 Kf2 0-1

[Event "Rio de Janeiro Cortinhas Memorial 3rd"]
[Site "Rio de Janeiro"]
[Date "2019.05.01"]
[Round "6"]
[White "Ramos, Angelo Bil"]
[Black "Rial, Antonio Marcos Pino"]
[Result "0-1"]
[WhiteElo "1931"]
[BlackElo "1708"]
[PlyCount "76"]
[EventDate "2019.04.27"]
[EventType "swiss"]
[EventRounds "6"]
[EventCountry "BRA"]
[SourceTitle "CBM 190 Extra"]
[Source "ChessBase"]
[SourceDate "2019.07.15"]
[SourceVersion "1"]
[SourceVersionDate "2019.07.15"]
[SourceQuality "1"]

1. e4 g6 2. d4 c6 3. Nc3 d5 4. e5 h5 5. Be2 Nh6 6. Nf3 Bg4 7. h3 Bxf3 8. Bxf3 h4 9. e6 fxe6 10. g4 hxg3 11. fxg3 e5 12. dxe5 e6 13. Bxh6 Bxh6 14. Qd3 Qg5 15. Kf2 Nd7 16. h4 Qd2+ 17. Qxd2 Bxd2 18. Ne2 Nxe5 19. Rhf1 Rf8 20. Kg2 Nxf3 21. Rxf3 Rxf3 22. Kxf3 e5 23. Kg4 Ke7 24. Rd1 Ba5 25. Ng1 e4 26. Nh3 Bc7 27. c3 Rf8 28. Rd2 Rf3 29. Rg2 Rd3 30. Ng1 c5 31. Nh3 d4 32. cxd4 cxd4 33. Ng5 Re3 34. Nh3 d3 35. Nf4 Bxf4 36. Kxf4 Re2 37. Rg1 d2 38. Rd1 e3 0-1

[Event "Rio de Janeiro Cortinhas Memorial 3rd"]
[Site "Rio de Janeiro"]
[Date "2019.04.28"]
[Round "4"]
[White "Rial, Antonio Marcos Pino"]
[Black "Morais, Wagner Soares"]
[Result "1-0"]
[WhiteElo "1708"]
[BlackElo "1843"]
[PlyCount "119"]
[EventDate "2019.04.27"]
[EventType "swiss"]
[EventRounds "6"]
[EventCountry "BRA"]
[SourceTitle "CBM 190 Extra"]
[Source "ChessBase"]
[SourceDate "2019.07.15"]
[SourceVersion "1"]
[SourceVersionDate "2019.07.15"]
[SourceQuality "1"]

1. d4 Nf6 2. Nf3 g6 3. Nc3 Bg7 4. e4 d6 5. Be3 Nbd7 6. Qd2 e5 7. dxe5 Nxe5 8. Nxe5 dxe5 9. Qxd8+ Kxd8 10. 0-0-0+ Bd7 11. Bc4 Ke8 12. Nd5 Nxd5 13. Bxd5 Bc6 14. Bxc6+ bxc6 15. Rd3 Bf8 16. Rhd1 Bd6 17. Bg5 Rg8 18. Rc3 Kd7 19. Bf6 Ke6 20. Bh4 Rgb8 21. Rxc6 Rb4 22. f3 Rab8 23. b3 R4b6 24. Rc4 a5 25. Ra4 Ra8 26. Be1 Rba6 27. a3 R8a7 28. Rd5 c5 29. Bf2 Rc7 30. Kd2 f5 31. Kd3 fxe4+ 32. fxe4 c4+ 33. bxc4 Rf7 34. Ke2 Bc7 35. Be3 Ra8 36. c5 Rb8 37. Rd3 Rb2 38. Kd2 Rb1 39. Kc3 Rff1 40. c6 Rf7 41. Kd2 Rb8 42. c4 Rb2+ 43. Kc3 Rxg2 44. h4 Rh2 45. Bg5 Bb6 46. c5 Bxc5 47. Rxa5 Bd4+ 48. Rxd4 exd4+ 49. Kxd4 Rc2 50. Rc5 Rxc5 51. Kxc5 Rf2 52. Kb6 Rf8 53. c7 Kd7 54. Kb7 Rc8 55. Bd8 h6 56. e5 Rxd8 57. cxd8Q+ Kxd8 58. a4 g5 59. a5 g4 60. a6 1-0

[Event "Rio de Janeiro Cortinhas Memorial 3rd"]
[Site "Rio de Janeiro"]
[Date "2019.04.27"]
[Round "2"]
[White "Campos, Alexandre Ferreira"]
[Black "Rial, Antonio Marcos Pino"]
[Result "1-0"]
[WhiteElo "2055"]
[BlackElo "1708"]
[PlyCount "95"]
[EventDate "2019.04.27"]
[EventType "swiss"]
[EventRounds "6"]
[EventCountry "BRA"]
[SourceTitle "CBM 190 Extra"]
[Source "ChessBase"]
[SourceDate "2019.07.15"]
[SourceVersion "1"]
[SourceVersionDate "2019.07.15"]
[SourceQuality "1"]

1. g3 e5 2. Bg2 d5 3. c4 Nf6 4. cxd5 Nxd5 5. Nc3 Nxc3 6. bxc3 g6 7. Rb1 Bg7 8. Ba3 Nc6 9. e3 Qd3 10. Ne2 Qa6 11. Qb3 Qb6 12. Qc2 Qa5 13. Qb2 Qb6 14. 0-0 Bf5 15. e4 Bg4 16. Qc1 Qa6 17. f3 Be6 18. Re1 Bxa2 19. Ra1 Qc4 20. Qb2 Bb3 21. Bf1 Qb5 22. d4 Bc4 23. Qd2 exd4 24. Reb1 Qh5 25. Nf4 Qxf3 26. Bxc4 0-0-0 27. Rf1 Qxc3 28. Qxc3 dxc3 29. Bxf7 Rd2 30. Bc5 c2 31. Ra2 Bd4+ 32. Bxd4 Nxd4 33. Raa1 g5 34. Nd5 g4 35. Rf2 Ne2+ 36. Kg2 Rd1 37. Rxe2 c1Q 38. Rxc1 Rxc1 39. e5 Rc5 40. Nf6 Kd8 41. e6 Ke7 42. Ng8+ Rxg8 43. Bxg8 h5 44. Rd2 b5 45. Rd7+ Ke8 46. Bf7+ Kf8 47. Bg6 a5 48. e7+ 1-0

[Event "Rio de Janeiro Cortinhas Memorial 2nd"]
[Site "Rio de Janeiro"]
[Date "2018.05.26"]
[Round "3"]
[White "Rial, Antonio Marcos Pino"]
[Black "De Lira, Givanildo Jose Duar"]
[Result "1-0"]
[WhiteElo "1696"]
[BlackElo "1917"]
[PlyCount "181"]
[EventDate "2018.05.25"]
[EventType "swiss"]
[EventRounds "5"]
[EventCountry "BRA"]
[SourceTitle "CBM 184 Extra"]
[Source "ChessBase"]
[SourceDate "2018.06.28"]
[SourceVersion "1"]
[SourceVersionDate "2018.06.28"]
[SourceQuality "1"]

1. d4 d5 2. Nf3 Nf6 3. e3 c6 4. c4 Bg4 5. Qb3 Qb6 6. c5 Qxb3 7. axb3 Nbd7 8. Nc3 e6 9. b4 a6 10. Nd2 Be7 11. b5 cxb5 12. Bxb5 0-0 13. Bd3 Bh5 14. b4 Bg6 15. Bxg6 hxg6 16. Nb3 b6 17. Na4 bxc5 18. bxc5 Rfb8 19. Nd2 Rb4 20. 0-0 Bd8 21. Nf3 Bc7 22. Bd2 Rb3 23. Rfb1 Rxb1+ 24. Rxb1 Rb8 25. Rxb8+ Nxb8 26. Nc3 Nc6 27. Na2 a5 28. Nc3 Nd7 29. Nb5 Bb8 30. Ne1 f6 31. Nc2 Kf8 32. Kf1 Ke8 33. Ke2 Kd8 34. g3 Kc8 35. Kd3 Kb7 36. Kc3 Ka6 37. Nca3 e5 38. f3 Nf8 39. Kd3 Nb4+ 40. Kc3 Ne6 41. Kb3 Nc6 42. Kc3 Nb4 43. Kb3 Nc6 44. Kc3 Ng5 45. f4 Ne4+ 46. Kd3 Nb4+ 47. Ke2 Nc2 48. Bc1 Nxa3 49. Nxa3 Nc3+ 50. Kd3 Nb5 51. Nxb5 e4+ 52. Kc3 Kxb5 53. Kb3 Bc7 54. Bb2 a4+ 55. Ka3 Ba5 56. Bc1 Be1 57. Ka2 f5 58. Ka3 Bb4+ 59. Ka2 Be1 60. Ka3 Bc3 61. Ka2 Bb4 62. Kb2 Kc4 63. Ka2 Kc3 64. c6 Ba5 65. Ka3 Kc2 66. Kxa4 Bc7 67. Ba3 Kd2 68. Kb5 Kxe3 69. Kc5 Ba5 70. Bb4 Bxb4+ 71. Kxb4 Kf2 72. c7 e3 73. c8Q e2 74. Qc2 Kf1 75. Qd3 Kf2 76. Qxe2+ Kxe2 77. Kc5 Kf2 78. Kxd5 Kg2 79. Ke6 Kxh2 80. d5 Kxg3 81. d6 Kxf4 82. d7 g5 83. d8Q g4 84. Qd6+ Kf3 85. Kxf5 g3 86. Qf4+ Kg2 87. Kg4 Kh1 88. Qxg3 g5 89. Qf3+ Kh2 90. Qf2+ Kh1 91. Kg3 1-0

[Event "Rio de Janeiro Cortinhas Memorial 2nd"]
[Site "Rio de Janeiro"]
[Date "2018.05.25"]
[Round "1"]
[White "Romano, Alexandre Pinto"]
[Black "Rial, Antonio Marcos Pino"]
[Result "1-0"]
[WhiteElo "2077"]
[BlackElo "1696"]
[PlyCount "117"]
[EventDate "2018.05.25"]
[EventType "swiss"]
[EventRounds "5"]
[EventCountry "BRA"]
[SourceTitle "CBM 184 Extra"]
[Source "ChessBase"]
[SourceDate "2018.06.28"]
[SourceVersion "1"]
[SourceVersionDate "2018.06.28"]
[SourceQuality "1"]

1. e4 Nc6 2. d4 e5 3. dxe5 Nxe5 4. f4 Nc6 5. Nf3 Nf6 6. Nc3 Bb4 7. Bd3 d5 8. exd5 Bxc3+ 9. bxc3 Qxd5 10. Bb2 Bg4 11. 0-0 Qc5+ 12. Kh1 0-0-0 13. h3 Bf5 14. Nd4 Be4 15. Re1 Rhe8 16. Bxe4 Nxe4 17. Qg4+ Kb8 18. Qxg7 Nxd4 19. cxd4 Qxc2 20. d5 Rg8 21. Rac1 Qxc1 22. Rxc1 Rxg7 23. Bxg7 Rxd5 24. Re1 Nd6 25. Re7 a5 26. Be5 a4 27. Bxd6 Rxd6 28. Rxf7 a3 29. f5 Rd2 30. f6 Rf2 31. Rf8+ Ka7 32. f7 b5 33. Kg1 Rf6 34. Re8 Rxf7 35. g4 b4 36. Re2 Kb6 37. h4 Kb5 38. Kg2 c5 39. Kg3 b3 40. axb3 Kb4 41. Re8 Kxb3 42. Rb8+ Kc2 43. Ra8 Kb2 44. Rb8+ Ka1 45. Rc8 Rf1 46. Rxc5 Rb1 47. Rc7 Rb4 48. Rxh7 a2 49. Ra7 Kb2 50. Rxa2+ Kxa2 51. h5 Kb3 52. h6 Kc3 53. g5 Kd4 54. h7 Rb8 55. g6 Rh8 56. Kf4 Kd5 57. Kf5 Rf8+ 58. Kg5 Ke6 59. g7 1-0

[Event "Rio de Janeiro Estadual-ch"]
[Site "Rio de Janeiro"]
[Date "2018.05.01"]
[Round "6"]
[White "Rial, Antonio Marcos Pino"]
[Black "Salles, Marvio Darilho"]
[Result "0-1"]
[WhiteElo "1696"]
[BlackElo "2059"]
[PlyCount "124"]
[EventDate "2018.04.28"]
[EventType "swiss"]
[EventRounds "6"]
[EventCountry "BRA"]
[SourceTitle "CBM 184 Extra"]
[Source "ChessBase"]
[SourceDate "2018.06.28"]
[SourceVersion "1"]
[SourceVersionDate "2018.06.28"]
[SourceQuality "1"]

1. d4 Nf6 2. Nf3 g6 3. c4 c5 4. d5 b5 5. cxb5 a6 6. bxa6 Bxa6 7. Nc3 d6 8. e4 Bxf1 9. Kxf1 Nbd7 10. g3 Bg7 11. h3 0-0 12. Kg2 Qb6 13. Re1 Ne8 14. a4 Nc7 15. Ra3 Rfb8 16. Nd2 Ne5 17. Rb3 Qa6 18. Rxb8+ Rxb8 19. Re3 Nd3 20. Qc2 Nxc1 21. Qxc1 Bxc3 22. Rxc3 Qxa4 23. Ra3 Qe8 24. Nc4 Nb5 25. Rd3 Nd4 26. e5 dxe5 27. Nxe5 Qb5 28. Qf4 f6 29. Nc6 Nxc6 30. dxc6 Qxc6+ 31. Kh2 Rxb2 32. h4 Rb1 33. Qc4+ Kg7 34. f3 Rb2+ 35. Kh3 Qc8+ 36. g4 Qc7 37. f4 Qc6 38. Qd5 Qxd5 39. Rxd5 Rb3+ 40. Kg2 Rc3 41. Rd7 Kf7 42. Kf2 c4 43. Rc7 Rc1 44. Ke3 c3 45. Kd3 Rh1 46. Rxc3 Rxh4 47. Ke4 Rxg4 48. Kf3 h5 49. Rc8 g5 50. fxg5 Rxg5 51. Rh8 Kg7 52. Re8 e5 53. Re7+ Kg6 54. Re8 Kf5 55. Rh8 e4+ 56. Kf2 Kf4 57. Rh7 f5 58. Rh6 e3+ 59. Kf1 Kf3 60. Re6 e2+ 61. Ke1 Rg1+ 62. Kd2 e1Q+ 0-1

[Event "Rio de Janeiro Estadual-ch"]
[Site "Rio de Janeiro"]
[Date "2018.05.01"]
[Round "5"]
[White "Rial, Antonio Marcos Pino"]
[Black "Weibull, Oscar Fritiof Torb"]
[Result "1-0"]
[WhiteElo "1696"]
[BlackElo "1483"]
[PlyCount "75"]
[EventDate "2018.04.28"]
[EventType "swiss"]
[EventRounds "6"]
[EventCountry "BRA"]
[SourceTitle "CBM 184 Extra"]
[Source "ChessBase"]
[SourceDate "2018.06.28"]
[SourceVersion "1"]
[SourceVersionDate "2018.06.28"]
[SourceQuality "1"]

1. d4 d5 2. Nf3 Nf6 3. e3 Bf5 4. c4 c6 5. Qb3 Qc7 6. Nc3 e6 7. Bd2 Nbd7 8. cxd5 exd5 9. Rc1 Nb6 10. Ne5 Bd6 11. Nb5 Qe7 12. Nxd6+ Qxd6 13. Be2 Nfd7 14. g4 Bg6 15. Nxg6 hxg6 16. h4 g5 17. h5 0-0-0 18. a4 Kb8 19. a5 Nc8 20. a6 b6 21. Bb4 Qe6 22. Kd2 Nd6 23. f3 Rc8 24. Rc3 Rc7 25. Rhc1 Rhc8 26. Bd3 g6 27. h6 f5 28. Bxd6 Qxd6 29. Rh1 Qg3 30. Qd1 f4 31. e4 dxe4 32. Bxe4 c5 33. h7 Rh8 34. Kc1 Nf6 35. Bxg6 Nd5 36. dxc5 Qf2 37. Qxd5 Qg2 38. Rd1 1-0

[Event "Rio de Janeiro Estadual-ch"]
[Site "Rio de Janeiro"]
[Date "2018.04.28"]
[Round "1"]
[White "Manzi, Luiz Antonio Bardao"]
[Black "Rial, Antonio Marcos Pino"]
[Result "1-0"]
[WhiteElo "2017"]
[BlackElo "1696"]
[PlyCount "125"]
[EventDate "2018.04.28"]
[EventType "swiss"]
[EventRounds "6"]
[EventCountry "BRA"]
[SourceTitle "CBM 184 Extra"]
[Source "ChessBase"]
[SourceDate "2018.06.28"]
[SourceVersion "1"]
[SourceVersionDate "2018.06.28"]
[SourceQuality "1"]

1. Nf3 Nc6 2. d4 d5 3. g3 Nf6 4. Bg2 Bf5 5. c3 e6 6. 0-0 Bd6 7. Nbd2 e5 8. dxe5 Nxe5 9. Nxe5 Bxe5 10. Nf3 Bd6 11. Bg5 c6 12. Nh4 Be6 13. e4 h6 14. Bxf6 Qxf6 15. exd5 Bxd5 16. Bxd5 cxd5 17. Re1+ Be7 18. Qxd5 0-0 19. Nf5 Bd8 20. Qe5 Qxe5 21. Rxe5 Bf6 22. Rd5 Rfd8 23. Rad1 Rxd5 24. Rxd5 Rd8 25. Rxd8+ Bxd8 26. Kf1 Bc7 27. Ke2 h5 28. Kd3 Kf8 29. Ke4 g6 30. Nd4 a6 31. f4 Ke8 32. h3 Kd7 33. g4 hxg4 34. hxg4 Ke7 35. c4 Ba5 36. a3 Be1 37. b4 Bc3 38. Kd3 Bb2 39. a4 Ba3 40. Kc3 Bc1 41. Ne2 Be3 42. Kd3 Bb6 43. Nd4 Kd7 44. Ke4 Ke7 45. Kd5 Kd7 46. c5 Bc7 47. f5 Bf4 48. fxg6 fxg6 49. Ne6 Bd2 50. b5 g5 51. c6+ bxc6+ 52. bxc6+ Kc8 53. Nc5 a5 54. Ne4 Bf4 55. Nd6+ Kc7 56. Nc4 Kd8 57. Nxa5 Bc7 58. Nc4 Kc8 59. Nd6+ Kb8 60. Ke6 Bb6 61. Kd7 Bc7 62. Nb5 Bb6 63. c7+ 1-0

[Event "Rio de Janeiro Estadual-ch"]
[Site "Rio de Janeiro"]
[Date "2018.04.28"]
[Round "2"]
[White "Rial, Antonio Marcos Pino"]
[Black "Cifuentes Goncalves, Luiz Osvaldo"]
[Result "0-1"]
[WhiteElo "1696"]
[BlackElo "1841"]
[PlyCount "80"]
[EventDate "2018.04.28"]
[EventType "swiss"]
[EventRounds "6"]
[EventCountry "BRA"]
[SourceTitle "CBM 184 Extra"]
[Source "ChessBase"]
[SourceDate "2018.06.28"]
[SourceVersion "1"]
[SourceVersionDate "2018.06.28"]
[SourceQuality "1"]

1. d4 Nf6 2. Nf3 g6 3. c4 c5 4. d5 b5 5. cxb5 a6 6. b6 Qxb6 7. Nc3 Bg7 8. g3 0-0 9. Bg2 d6 10. 0-0 a5 11. a4 Na6 12. Nd2 Rb8 13. Nc4 Qd8 14. Qc2 Nb4 15. Qd2 Ba6 16. Na3 e6 17. dxe6 fxe6 18. Nab5 d5 19. Rd1 d4 20. Qg5 Qb6 21. Ne4 Nxe4 22. Bxe4 Bxb5 23. axb5 Qxb5 24. Qg4 Rbe8 25. Bd2 Qb6 26. Ra3 c4 27. Rc1 Rc8 28. Rf3 Rxf3 29. Bxf3 c3 30. bxc3 dxc3 31. Be3 Qd6 32. Bf4 Qd7 33. Kg2 c2 34. Be4 Bb2 35. Bxg6 hxg6 36. Qxg6+ Bg7 37. Bh6 Qd5+ 38. f3 Rc7 39. e4 Qc6 40. Kh3 e5 0-1

[Event "Rio de Janeiro Alex U1900 1st"]
[Site "Rio de Janeiro"]
[Date "2018.01.13"]
[Round "4.3"]
[White "Saraiva, Alexandre Pacheco"]
[Black "Rial, Antonio Marcos Pino"]
[Result "0-1"]
[WhiteElo "1870"]
[BlackElo "1694"]
[PlyCount "74"]
[EventDate "2018.01.05"]
[EventType "tourn"]
[EventRounds "5"]
[EventCountry "BRA"]
[SourceTitle "EXT 2022"]
[Source "ChessBase"]
[SourceDate "2021.10.06"]
[SourceVersion "1"]
[SourceVersionDate "2021.10.06"]
[SourceQuality "1"]

1. e4 Nc6 2. c3 f5 3. exf5 Nf6 4. d4 d5 5. g4 h5 6. g5 Ne4 7. f3 Nd6 8. Bd3 Bxf5 9. Na3 Qd7 10. Bf4 Qe6+ 11. Kf2 0-0-0 12. Qd2 Bxd3 13. Qxd3 Qf5 14. Qxf5+ Nxf5 15. h4 g6 16. Nb5 Rd7 17. Be5 Bg7 18. f4 Rf8 19. Nf3 a6 20. Na3 e6 21. Rae1 Nd8 22. Kg2 Rdf7 23. c4 Ne7 24. cxd5 exd5 25. Re3 Bxe5 26. fxe5 Nf5 27. Rc3 Ne6 28. Nc2 Ne7 29. Rf1 Rf4 30. b4 Nf5 31. Rh1 Rg4+ 32. Kf2 Ng3 33. Re1 Ne4+ 34. Rxe4 dxe4 35. d5 Nf4 36. d6 Ne6 37. Nce1 Rxh4 0-1

[Event "Rio de Janeiro Alex U1900 1st"]
[Site "Rio de Janeiro"]
[Date "2018.01.07"]
[Round "3.2"]
[White "Rial, Antonio Marcos Pino"]
[Black "Cardoso, Marcio de Lucca"]
[Result "1/2-1/2"]
[WhiteElo "1694"]
[BlackElo "1894"]
[PlyCount "29"]
[EventDate "2018.01.05"]
[EventType "tourn"]
[EventRounds "5"]
[EventCountry "BRA"]
[SourceTitle "EXT 2022"]
[Source "ChessBase"]
[SourceDate "2021.10.06"]
[SourceVersion "1"]
[SourceVersionDate "2021.10.06"]
[SourceQuality "1"]

1. d4 Nf6 2. Nf3 g6 3. c4 Bg7 4. Nc3 d5 5. cxd5 Nxd5 6. e4 Nxc3 7. bxc3 c5 8. Rb1 cxd4 9. cxd4 Qa5+ 10. Bd2 Qxa2 11. Qc1 0-0 12. Bc4 Qa4 13. Bb5 Qa2 14. Bc4 Qa4 15. Bb5 1/2-1/2

[Event "Rio de Janeiro Duchamp op"]
[Site "Rio de Janeiro"]
[Date "2017.11.11"]
[Round "1"]
[White "Meza, Anahi Silvina"]
[Black "Rial, Antonio Marcos Pino"]
[Result "1-0"]
[WhiteElo "2075"]
[BlackElo "1666"]
[PlyCount "53"]
[EventDate "2017.11.11"]
[EventType "swiss"]
[EventRounds "9"]
[EventCountry "BRA"]
[SourceTitle "CBM 181 Extra"]
[Source "ChessBase"]
[SourceDate "2017.12.12"]
[SourceVersion "1"]
[SourceVersionDate "2017.12.12"]
[SourceQuality "1"]

1. d4 d5 2. c4 e5 3. dxe5 d4 4. Nf3 Nc6 5. g3 f6 6. exf6 Qxf6 7. Bg2 h6 8. 0-0 Bf5 9. e3 0-0-0 10. Qa4 Kb8 11. Nxd4 Nxd4 12. exd4 Ne7 13. Be3 a6 14. Nc3 Bd7 15. Qb3 Nc6 16. Ne4 Qf7 17. d5 Na5 18. Qc3 b6 19. c5 Bb5 20. cxb6 Nc4 21. bxc7+ Qxc7 22. Bf4 Nd6 23. Qb3 Ka8 24. Rfc1 Qf7 25. a4 Be2 26. Qb6 Nb7 27. Rc7 1-0

[Event "BRA-ch Amateur U1800"]
[Site "Sao Paulo"]
[Date "2017.10.15"]
[Round "7"]
[White "Rial, Antonio Marcos Pino"]
[Black "Melo, Sergio Roberto Samp"]
[Result "1/2-1/2"]
[WhiteElo "1656"]
[BlackElo "1756"]
[PlyCount "69"]
[EventDate "2017.10.12"]
[EventType "swiss"]
[EventRounds "7"]
[EventCountry "BRA"]
[SourceTitle "EXT 2019"]
[Source "ChessBase"]
[SourceDate "2018.10.10"]
[SourceVersion "1"]
[SourceVersionDate "2018.10.10"]
[SourceQuality "1"]

1. d4 Nf6 2. Nf3 e6 3. e3 b6 4. b3 Bb7 5. Nbd2 Bb4 6. Bd3 Nd5 7. Bb2 Bc3 8. Bxc3 Nxc3 9. Qc1 f5 10. Qb2 Ne4 11. c4 0-0 12. h4 Qf6 13. Ng5 Nxd2 14. Qxd2 h6 15. Nf3 d6 16. 0-0-0 a5 17. a4 Nc6 18. Rdg1 Nb4 19. h5 e5 20. Bb1 Be4 21. Nh4 exd4 22. Qxd4 Bxb1 23. Kxb1 Qxd4 24. exd4 Nd3 25. Rf1 Nf4 26. g3 Ne6 27. Rd1 Ng5 28. f3 Rae8 29. Rhe1 Rxe1 30. Rxe1 Kf7 31. Kc2 Kf6 32. Re3 Nh3 33. Ng6 Rf7 34. f4 Nf2 35. Kc3 1/2-1/2

[Event "BRA-ch Amateur U1800"]
[Site "Sao Paulo"]
[Date "2017.10.14"]
[Round "6"]
[White "Monteiro, Paulo De Campos Mel"]
[Black "Rial, Antonio Marcos Pino"]
[Result "1/2-1/2"]
[WhiteElo "1765"]
[BlackElo "1656"]
[PlyCount "122"]
[EventDate "2017.10.12"]
[EventType "swiss"]
[EventRounds "7"]
[EventCountry "BRA"]
[SourceTitle "EXT 2019"]
[Source "ChessBase"]
[SourceDate "2018.10.10"]
[SourceVersion "1"]
[SourceVersionDate "2018.10.10"]
[SourceQuality "1"]

1. e4 Nc6 2. Nf3 f5 3. exf5 d5 4. Bb5 Bxf5 5. Ne5 Qd6 6. d4 Nf6 7. 0-0 Nd7 8. Bxc6 bxc6 9. Bf4 Nxe5 10. Bxe5 Qg6 11. c3 Kd7 12. Nd2 e6 13. Nf3 Be7 14. Bg3 Bf6 15. Qe2 Rac8 16. Ne5+ Bxe5 17. Qxe5 Rhf8 18. Rac1 Be4 19. Rfe1 Rf5 20. Rxe4 Rxe5 21. Rxe5 a5 22. Rce1 Re8 23. f4 Rf8 24. Rg5 Qh6 25. Ree5 g6 26. h4 Rf5 27. Rgxf5 gxf5 28. Re1 Qg6 29. Kf2 h5 30. Re2 Qg8 31. Rc2 Qg4 32. Rd2 Qg8 33. Rc2 Qb8 34. Kf3 Qb5 35. Rd2 Qf1+ 36. Bf2 Qb1 37. a3 Qa2 38. Kg3 a4 39. Kf3 Qb3 40. Kg3 Qb8 41. Kf3 c5 42. dxc5 c6 43. Bd4 Qg8 44. g3 Qb8 45. Be5 Qb3 46. Bd4 Qa2 47. Kg2 Qb1 48. Kh3 Kc7 49. Kg2 Qe4+ 50. Kh3 Kb7 51. Kh2 Ka6 52. Rg2 Kb5 53. Kh3 Kc4 54. Kh2 Kb3 55. Rf2 Qe1 56. Rg2 Qc1 57. Re2 Qb1 58. Kg2 Qd3 59. Rf2 Qb1 60. Kf3 Kc4 61. Kg2 Qd1 1/2-1/2